| 000 | 00656cam a2200193 a 4500 | ||
|---|---|---|---|
| 040 | _cDLC | ||
| 082 | _a363 ASI 1999 C143 Or. | ||
| 245 | 0 | 0 | _aDevelopment of environment statistics in developing Asian and Pacific countries. |
| 260 |
_aManila : _bAsian Development Bank, _c1999. |
||
| 300 |
_a221 p. : _bill. ; _c23 cm. |
||
| 500 | _a"Publication stock no. 010798"--T.p. verso. | ||
| 650 | 0 | _aEnvironmental protection | |
| 650 | 0 | _aEnvironmental sciences | |
| 650 | 0 | _aEnvironmental protection | |
| 650 | 0 | _aEnvironmental sciences | |
| 710 | 2 | _aAsian Development Bank. | |
| 856 | 4 | 1 | _uhttp://www.loc.gov/catdir/toc/fy032/99504390.html |
| 942 | _cAEDBB | ||
| 999 |
_c18360 _d18360 |
||